| 000 | 00519nam a22001817a 4500 | ||
|---|---|---|---|
| 020 | _a9789696403654 | ||
| 082 |
_a297.27 _bSAQ |
||
| 100 | _aSaqib, Muhammad Amjad | ||
| 245 |
_aMoloo Musalli: in search of lost humanity/ _c Dr. Muhammad Amjad Saqib |
||
| 250 | _a1st ed. | ||
| 260 |
_aLahore: _bILQA Publications; _c2026. |
||
| 300 | _a195p | ||
| 504 | _aIncludes bibliographical references | ||
| 563 | _aHB | ||
| 650 |
_aIslamic ethics _913797 |
||
| 650 |
_aIslam and society _9134211 |
||
| 942 |
_2ddc _cBK |
||
| 999 |
_c617183 _d617183 |
||